000 008440000a22001210004500
100 1 _aNavarro, Rafael.
245 1 0 _aUso de la fibra de coco (cocos nucifera) como sustrato germinador en especies de importancia hortícola en el oriente antioqueño.
300 _ano.27 (Ene. - Jul., 2009), p. 70-80
520 _aEn los departamentos de Boyacá, Cundinamarca, Antioquia, Nariño y Tolima se concentra la despensa agrícola de hortalizas en 90.000 hectáreas, de las cuales 5.700 son sembradas en el oriente antioqueño en especies como zanahoria, remolacha, repollo, brócoli, coliflor, lechuga, tomate y otros. es una de las principales actividades de la zona, que favorece a 12.000 familias productoras con una generación de 23.000 empleos directos.
650 1 4 _aCOSECHA
773 0 _tRevista Universidad Católica de Oriente
942 _cANA
999 _c63025
_d63025